Saint Seiya - Chevaliers d'or (The Lost Canvas) - Statistiques

Statistiques générales
  • Ce quiz a été pris 325 fois
  • Le résultat moyen est 10 sur 13
Statistiques - réponses
Constellations Noms % Correct
Bélier Shion
94%
Poissons Albafica
88%
Vierge Asmita
83%
Balance Dohko
81%
Cancer Manigoldo
81%
Verseau Dégel
78%
Capricorne El Cid
78%
Lion Regulus
75%
Scorpion Kardia
69%
Sagittaire Sisyphe
66%
Gémeaux Deutéros
59%
Taureau Rasgado
57%
Gémeaux Aspros
56%
Aucun quiz correspondant
Distribution des résultats
% des personnes avec chaque résultat
Percentile par nombre de réponses
Votre historique - résultats
Vous n’avez pas pris ce quiz